Ecology and palaeoecology of marine environments /

Bibliographic Details
Main Author: Schäfer, Wilhelm, 1912-1981
Other Authors: Craig, G. Y. (Gordon Younger)
Format: Book
Language:English
German
Published: Edinburgh : Oliver and Boyd, 1972.
Subjects:

MARC

Tag First Indicator Second Indicator Subfields
LEADER 00000cam a2200000 4500
001 in00000009333
005 20151007051526.0
008 721003s1972 stkab b 00110 eng
010 |a  72190258  
015 |a B72-10189 
020 |a 0226735818 
035 |a (OCoLC)00533007 
035 |9 AAA3417AM 
040 |a DLC  |c DLC  |d m.c.  |d TXA  |d UtOrBLW 
041 1 |a eng  |a ger 
043 |a ln----- 
049 |a TXAM  |c [A10113894] 
050 0 0 |a QE721  |b .S313 
050 4 |a QE721  |b .S313 1972a 
082 0 |a 591.9/2/136 
100 1 |a Schäfer, Wilhelm,  |d 1912-1981. 
245 1 0 |a Ecology and palaeoecology of marine environments /  |c translated [from the German] by Irmgard Oertel; edited by G. Y. Craig. 
264 1 |a Edinburgh :  |b Oliver and Boyd,  |c 1972. 
300 |a xiii, 568, 39 pages :  |b illustrations, maps. ;  |c 24 cm. 
336 |a text  |b txt  |2 rdacontent 
337 |a unmediated  |b n  |2 rdamedia 
338 |a volume  |b nc  |2 rdacarrier 
500 |a Translation of Aktuo-paläontologie nach Studien in der Nordsee. 
504 |a Bibliography: pages [508]-543. 
650 0 |a Paleontology. 
650 0 |a Marine biology. 
650 0 |a Marine biology  |z North Sea. 
700 1 |a Craig, G. Y.  |q (Gordon Younger) 
948 |a 1332943 Msg. 3/81 
999 |a MARS 
999 f f |s 502dbdb5-3c51-3628-b325-9fde4bf23c06  |i 683a474e-c13b-3af5-b97a-4c96042b3536  |t 0 
952 f f |p ric  |a Texas A&M University  |b Rellis Campus  |c Joint Library Facility  |s JLF  |d Remote Storage  |t 0  |e QE721 .S313 1972a  |h Library of Congress classification  |i unmediated -- volume  |m A14810113894 
998 f f |a QE721 .S313 1972a  |t 0  |l Remote Storage